| 000 | 00381nam a2200133Ia 4500 | ||
|---|---|---|---|
| 008 | 151213s9999 xx 000 0 und d | ||
| 245 |
_aThe Code of Civil Procedure Government of The Peoples Republics of Bangladesh Ministry of Law & Justice _bII |
||
| 250 | _a1st | ||
| 260 |
_aDhaka _bGovernment Press _c2003 |
||
| 300 | _a2848 p. | ||
| 650 | _aLaw | ||
| 650 | _aLaw | ||
| 999 |
_c1958 _d1958 |
||